Invertebrata & Chordata Volume -1 (Record no. 218459)

MARC details
000 -LEADER
fixed length control field 00407nam a2200181Ia 4500
008 - FIXED-LENGTH DATA ELEMENTS--GENERAL INFORMATION
fixed length control field 240823s9999||||xx |||||||||||||| ||und||
082 ## - DEWEY DECIMAL CLASSIFICATION NUMBER
-- 592 Q0
100 ## - MAIN ENTRY--PERSONAL NAME
Personal name Arumugam N
245 #0 - TITLE STATEMENT
Title Invertebrata & Chordata Volume -1
250 ## - EDITION STATEMENT
Edition statement 4th
260 ## - PUBLICATION, DISTRIBUTION, ETC. (IMPRINT)
Date of publication, distribution, etc 2010
Name of publisher, distributor, etc Saras Publica
500 ## - GENERAL NOTE
General note YES
650 ## - SUBJECT ADDED ENTRY--TOPICAL TERM
Topical term or geographic name as entry element GEN
942 ## - ADDED ENTRY ELEMENTS (KOHA)
Item type Books
Holdings
Withdrawn status Lost status Damaged status Permanent location Current location Shelving location Date acquired Source of acquisition Cost, normal purchase price Full call number Barcode Date last seen Koha item type
      CENTRAL LIBRARY, NOORUL ISLAM CENTRE FOR HIGHER EDUCATION CENTRAL LIBRARY, NOORUL ISLAM CENTRE FOR HIGHER EDUCATION   05/21/2014 Higginbothams Private Ltd 150.00 592 Q0 67875 08/23/2024 Books
Visitors:
Copyright © 2024 Central Library NICHE.  All rights reserved.